El sindicalismo africano (Record no. 104039)

MARC details
000 -LEADER
campo de control de longitud fija 00738nam a2200229 i 4500
001 - NÚMERO DE CONTROL
campo de control 104039
003 - IDENTIFICADOR DE NÚMERO DE CONTROL
campo de control ES-MaACL
005 - FECHA Y HORA DE LA ÚLTIMA TRANSACCIÓN
campo de control 20230906183510.0
007 - CAMPO FIJO DE DESCRIPCIÓN FÍSICA--INFORMACIÓN GENERAL
campo de control de longitud fija t|
008 - DATOS DE LONGITUD FIJA--INFORMACIÓN GENERAL
campo de control de longitud fija 051122s1965 sp ||||1| spa d
100 1# - ENTRADA PRINCIPAL--NOMBRE DE PERSONA
Nombre de persona Meynaud, Jean.
9 (RLIN) 80816
245 13 - MENCIÓN DEL TÍTULO
Título El sindicalismo africano
Resto del título : evolución y perspectivas /
Mención de responsabilidad, etc. Jean Meynaud, Anisse Salah-Bey ; [traducción de Javier González Pueyo].
260 ## - PUBLICACIÓN, DISTRIBUCIÓN, ETC.
Lugar de publicación, distribución, etc. Madrid :
Nombre del editor, distribuidor, etc. Tecnos,
Fecha de publicación, distribución, etc. 1965.
300 ## - DESCRIPCIÓN FÍSICA
Extensión 314 p. ;
Dimensiones 22 cm.
490 1# - MENCIÓN DE SERIE
Mención de serie Tercer mundo
650 #4 - PUNTO DE ACCESO ADICIONAL DE MATERIA--TÉRMINO DE MATERIA
Término de materia o nombre geográfico como elemento de entrada Sindicalismo-
Subdivisión geográfica África.
9 (RLIN) 168892
700 1# - ENTRADA AGREGADA--NOMBRE PERSONAL
Nombre de persona González-Pueyo, Javier.
9 (RLIN) 58888
700 1# - ENTRADA AGREGADA--NOMBRE PERSONAL
Nombre de persona Salah-Bey, Anisse.
9 (RLIN) 101701
830 0# - PUNTO DE ACCESO ADICIONAL DE SERIE-TÍTULO UNIFORME
Título uniforme Tercer mundo
9 (RLIN) 184834
852 ## - LOCALIZACIÓN
Ubicación ES-MaACL
Número de control de estantería C-27958
Sublocalización o colección R.57285
Holdings
Estatus retirado Estado de pérdida Estado de daño No para préstamo Biblioteca de origen Biblioteca actual Ubicación en estantería Fecha de adquisición Fuente de adquisición Total de préstamos Signatura topográfica completa Código de barras Visto por última vez Precio de reemplazo Tipo de ítem Koha
        Biblioteca del Ateneo de Madrid Biblioteca del Ateneo de Madrid Depósito 2 17/01/2008     C-27958 1108626 23/02/2023 23/02/2023 Libro impreso